000 00407nam a22001697a 4500
020 _a0-19-566327-6
082 _a530
_bGRA/E
100 _aGRANT, I.S
100 _aPHILLIPS, W.R
245 _aTHE ELEMENTS OF PHYSICS
_bPHYSICS
246 _aTHE ELEMENTS OF PHYSICS
_bPHYSICS
260 _aDELHI
_bOXFORD UNIVERSITY PRESS
_c2001
300 _a835
520 _aPHYSICS
650 _aPHYSICS
942 _cBK
999 _c1447
_d1447